000 00235nam a2200097Ia 4500
001 788005
005 20250826170351.0
008 250824s9999 xx 000 0 und d
245 0 _aARZAVUL TEPESİ
_cMEHMET ERKAN
260 _bELMA YAYINLARI
999 _c788005
_d788005